Syncretism the politics of religious synthesis

Αποθηκεύτηκε σε:
Λεπτομέρειες βιβλιογραφικής εγγραφής
Άλλοι συγγραφείς: Stewart, Charles 1956- (Επιμελητής έκδοσης), Shaw, Rosalind (Επιμελητής έκδοσης)
Μορφή: Βιβλίο
Γλώσσα:English
Δημοσίευση: London; New York : Routledge, 1994
Σειρά:European Association of Social Anthropologists
Θέματα:
Ετικέτες: Προσθήκη ετικέτας
Δεν υπάρχουν, Καταχωρήστε ετικέτα πρώτοι!

MARC

LEADER 00000nam a2200000 i 4500
001 1/95441
008 970916s1994 eng d
020 |a 0-415-11117-X 
035 |1 ΠΑΡ  |a 1997  |l 10009743 
040 |a GR-MY-UA  |b gre  |e aacr 
041 0 |a eng 
082 0 |a 148 
245 1 0 |a Syncretism/anti-syncretism :  |b the politics of religious synthesis /  |c Edited by Charles Stewart; Rosalind Shaw 
260 |a London; New York :   |b Routledge,   |c 1994 
300 |a 225 p. 
490 1 |a European Association of Social Anthropologists 
504 |a Includes bibliographical references an index 
650 0 0 |a Syncretism (Religion) 
700 1 |a Stewart, Charles  |d 1956-  |4 edt 
700 1 |a Shaw, Rosalind.  |4 edt 
830 0 |a European Association of Social Anthropologists 
852 |a INST  |b LESVOS  |e 19970916  |h 148 SYN  |p 005100010891  |q 005100010891  |t BK  |y 0 
909 |a Λ  |b 037800 
922 |a 1ΕΛΗ  |b 199411  |c ΠΑΠΑΤΑΞΙΑΡΧΗΣ 
950 |a 011-1994-08-31